00687cam a22002171a 4500001001300000003000400013005001700017008004100034010001700075035002000092040002500112050002500137100004200162245006600204260003500270300002800305500005800333504003100391700003000422999001700452sa 67005241 DLC20260227112355.0840808s1966 ii 000 0 bra  asa 67005241  a(OCoLC)11031514 aDLCcOkUdOCoLCdDLC00aPK1967.9.H3bS9 19660 aHaladharasdasa,dactive 16th century.10aSudamacaritra /cby Haladharadasa ; edited by Siyaram Tivari. aPatna :bBharti Bhawan,c1966. a3, 85, 139 p. ;c22 cm. aIn Braj; introductory matter and commentary in Hindi. aBibliographical footnotes.1 aTivārī, Siyārāma. c75052d75052